Normal view
MARC view
- Oppenheim Alan V Ronald W
Entry Personal Name
001 - CONTROL NUMBER
- control field: 297
003 - CONTROL NUMBER IDENTIFIER
- control field: NUST
005 - DATE AND TIME OF LATEST TRANSACTION
- control field: 20170510155934.0
008 - FIXED-LENGTH DATA ELEMENTS
- fixed length control field: 170510|| aca||aabn | a|a d
040 ## - CATALOGING SOURCE
- Original cataloging agency: NUST
- Transcribing agency: NUST
100 ## - HEADING--PERSONAL NAME
- Personal name: Oppenheim Alan V Ronald W
670 ## - SOURCE DATA FOUND
- Source citation: Work cat.: (NUST)23103: Oppenheim Alan V Ronald W, Digital Signal Processing, c2012
